000 00506cam a22001097a 4500
008 180718b1988 xxu||||| |||| 00| 0 eng d
082 _aQ1044x54 In2r
245 _aReport of the group: review and simplify procedures for processing proposals for grants in aid to voluntary agencies
_cby Ministry of Personnel, Public Grievances and Pensions, India
260 _aNew Delhi
_bThe Manager Government of Publications
_c1988
300 _a80p
700 _aIndia. Ministry of Personnel, Public Grievances and Pensions
999 _c495119
_d495119